MARC details
| 000 -CABECERA |
| campo de control de longitud fija |
02253cam a2200325 i 4500 |
| 001 - NÚMERO DE CONTROL |
| campo de control |
991107625338006196 |
| 005 - FECHA Y HORA DE LA ÚLTIMA TRANSACCIÓN |
| campo de control |
20260305151628.0 |
| 008 - DATOS DE LONGITUD FIJA--INFORMACIÓN GENERAL |
| campo de control de longitud fija |
250701t20252025nyu g b 000 0 eng d |
| 020 ## - NÚMERO INTERNACIONAL ESTÁNDAR DEL LIBRO |
| Número Internacional Estándar del Libro |
9781685891978 |
| 020 ## - NÚMERO INTERNACIONAL ESTÁNDAR DEL LIBRO |
| Número Internacional Estándar del Libro |
1685891977 |
| Información calificativa |
paperback |
| 024 40 - IDENTIFICADOR DE OTROS ESTÁNDARES |
| Número estándar o código |
90102962754 |
| 035 ## - NÚMERO DE CONTROL DEL SISTEMA |
| Número de control de sistema |
(OCoLC)1530165774 |
| 035 ## - NÚMERO DE CONTROL DEL SISTEMA |
| Número de control de sistema |
(OCoLC)on1530165774 |
| 040 ## - FUENTE DE LA CATALOGACIÓN |
| Centro catalogador/agencia de origen |
TOH |
| Lengua de catalogación |
eng |
| Normas de descripción |
rda |
| Centro/agencia transcriptor |
TOH |
| Centro/agencia modificador |
OCLCO |
| -- |
NYP |
| -- |
BKL |
| -- |
YDX |
| -- |
OCLCO |
| -- |
CaOTSTM |
| 041 ## - CÓDIGO DE LENGUA |
| Código de lengua del texto/banda sonora o título independiente |
English |
| 050 #4 - SIGNATURA TOPOGRÁFICA DE LA BIBLIOTECA DEL CONGRESO |
| Número de clasificación |
T14.5 |
| Número de documento/Ítem |
.C436 2025 |
| 100 ## - ENTRADA PRINCIPAL--NOMBRE DE PERSONA |
| Nombre de persona |
Chang, Vanessa, - 1969- author. |
| Fechas asociadas al nombre |
1969- |
| Término indicativo de función/relación |
author. |
| URI de un objeto del mundo real |
https://id.oclc.org/worldcat/entity/E39PCjvmDkBpyxMVQGGwFK6c8C |
| 245 14 - MENCIÓN DE TÍTULO |
| Título |
The body digital |
| Resto del título |
: a brief history of humans and machines from cuckoo clocks to ChatGPT |
| Mención de responsabilidad, etc. |
/ Vanessa Chang. |
| 246 30 - FORMA VARIANTE DE TÍTULO |
| Título propio/Titulo breve |
Brief history of humans and machines from cuckoo clocks to ChatGPT. |
| 264 #1 - PRODUCCIÓN, PUBLICACIÓN, DISTRIBUCIÓN, FABRICACIÓN Y COPYRIGHT |
| Producción, publicación, distribución, fabricación y copyright |
Brooklyn ; |
| -- |
London : |
| Nombre del de productor, editor, distribuidor, fabricante |
Melville House, |
| Fecha de producción, publicación, distribución, fabricación o copyright |
[2025] |
| 300 ## - DESCRIPCIÓN FÍSICA |
| Extensión |
xix, 232 pages ; |
| Dimensiones |
21 cm |
| 504 ## - NOTA DE BIBLIOGRAFÍA, ETC. |
| Nota de bibliografía, etc. |
Includes bibliographical references. |
| 505 0# - NOTA DE CONTENIDO CON FORMATO |
| Nota de contenido con formato |
Hand — Voice — Ear — Eye — Foot — Body — Mind. |
| 520 ## - SUMARIO, ETC. |
| Sumario, etc. |
A dazzling tour of the history of technology and its complex relationship to the human body. What is the relationship between our bodies and our senses and technology? In today's world of blinding technological change, of artificial intelligence and deepfakes and Chat GPT, it is easy to forget that we have always had complicated relations with technology--whether that technology is computers, player pianos, and even eyeglasses. In this wide-ranging and fascinating study, Vanessa Chang takes us on a historical tour of the interactions between our bodies and machines, showing that the advent of new technologies has always been met with varied reactions, from misplaced fear to tragic over-optimism. The result is cultural critique of the highest order and a profound demonstration of the eternal truth that in order to understand the future, we must look to the past -- |
| Fuente proveedora |
provided by publisher. |
| 650 #0 - PUNTO DE ACCESO ADICIONAL DE MATERIA--TÉRMINO DE MATERIA |
| Término de materia o nombre geográfico como elemento de entrada |
Information technology |
| Subdivisión general |
Social aspects |
| 9 (RLIN) |
7710 |
| 650 #0 - PUNTO DE ACCESO ADICIONAL DE MATERIA--TÉRMINO DE MATERIA |
| Término de materia o nombre geográfico como elemento de entrada |
Technological innovations - History. |
| Subdivisión general |
History. |
| 650 #0 - PUNTO DE ACCESO ADICIONAL DE MATERIA--TÉRMINO DE MATERIA |
| Término de materia o nombre geográfico como elemento de entrada |
Human beings - Effect of technological innovations on. |
| Subdivisión general |
Effect of technological innovations on. |
| 650 #0 - PUNTO DE ACCESO ADICIONAL DE MATERIA--TÉRMINO DE MATERIA |
| Término de materia o nombre geográfico como elemento de entrada |
Technology and civilization |
| 9 (RLIN) |
10848 |
| 942 ## - ELEMENTOS DE ENTRADA AGREGADA (KOHA) |
| Fuente del sistema de clasificación o colocación |
Clasificación de Library of Congress |